International Darts Open Winners - Statistics

General Stats
  • This quiz has been taken 4 times
  • The average score is 8 of 10
Answer Stats
Year Country Winner % Correct
2023 Wales Gerwyn Price
100%
2022 Wales Gerwyn Price
100%
2019 Wales Gerwyn Price
100%
2018 Wales Gerwyn Price
100%
2024 Germany Martin Schindler
75%
2016 Austria Mensur Suljovic
75%
2017 Scotland Peter Wright
75%
2020 England Joe Cullen
50%
2025 England Stephen Bunting
50%
2015 England Michael Smith
25%
No matching quizzes found
Score Distribution
Percent of People with Each Score
Percentile by Number Answered
Your Score History
You have not taken this quiz